000 00408nam a2200181Ia 4500
001 24132
005 20260414151023.0
008 260414t2006||||xx |||||||||||||| ||spa||
041 _aESP
082 _a781.1
_bC12
100 _aCanal, María Fernanda
_eAUT
245 0 _aVivamos la música 2
_b
260 _c2006
300 _a
_c31 cm.
650 _aABD
654 _aCAU
942 _cLIB
_dJUS
_fJUS
_2ddc
_n
999 _c24132
_d24132